Fr. Conceicao Rodrigues College of Engineering

Finite elements and approzimation (Record no. 25928)

MARC details
000 -LEADER
fixed length control field 00293nam a2200133Ia 4500
082 ## - DEWEY DECIMAL CLASSIFICATION NUMBER
Classification number 515.3
Item number ZIE
100 ## - MAIN ENTRY--PERSONAL NAME
Personal name Zienkiewicz/ Morgan
245 ## - TITLE STATEMENT
Title Finite elements and approzimation
260 ## - PUBLICATION, DISTRIBUTION, ETC.
Name of publisher, distributor, etc. Wiley
Place of publication, distribution, etc. New York
Date of publication, distribution, etc. 1982
300 ## - PHYSICAL DESCRIPTION
Extent 328
546 ## - LANGUAGE NOTE
Language note ENGLISH
654 ## - SUBJECT ADDED ENTRY--FACETED TOPICAL TERMS
Focus term finite
942 ## - ADDED ENTRY ELEMENTS (KOHA)
Koha item type BOOK
Holdings
Withdrawn status Lost status Damaged status Not for loan Collection Home library Current library Shelving location Date acquired Source of acquisition Cost, normal purchase price Inventory number Total Checkouts Full call number Barcode Date last seen Date last checked out Cost, replacement price Price effective from Koha item type
        CRC Fr. Agnel's C.Rodrigues College of Engineering Fr. Agnel's C.Rodrigues College of Engineering   17/03/2023 Progressive Books 150.00 2082 dt 30.1.93 1 515.3 ZIE 4155 06/08/2024 11/03/2024 150.00 30/01/1993 BOOK